000 01657cam a2200289 4500
001 ABS65455
008 020422n2002 000 0 eng u
035 _a(Sirsi) u117613
100 _aMcParland, C.
245 _aValuation standards: a comparison of four European countries
260 _c2002
490 _aJournal of Property Investment and Finance
_v20(2) 2002, 127-141(15)
520 _aOutlines the case for the harmonisation of European investment valuation standards. Specific attention focuses upon the national valuation standards within Sweden, The Netherlands, Germany and France with a view to assessing the prospects for uniformly accepted European investment valuation standards. Current practice and perceptions from interviews with 110 valuers are analysed. Educational background and professional training are shown to be influential in decisions upon whether to use national standards, TEGOVA standards or the RICS Red Book. The advent of property performance index series is shown to be a major factor influencing the harmonisation of valuation methods and standards. Conclusions reflect upon the variation between the four countries and the limited progress on the adoption of harmonised standards in Europe. References. [TAKEN FROM JOURNAL HEADNOTE]
590 _aABS
650 _aEUROPE
650 _aVALUATION STANDARDS
650 _aMETHODS OF VALUATION
650 _aINVESTMENT APPRAISAL
650 _aNETHERLANDS
650 _aFRANCE
650 _aSWEDEN
650 _aGERMANY
690 _aPROPERTY-PROPERTY APPRAISAL AND VALUATION
700 _aAdair, A.
700 _aMcGreal, S.
942 _n0
999 _c70034
_d70034